00719nam a2200229Ia 4500003000900000008004100009040001300050040001300063041000800076100002000084245010400104250001200208260001200220260000900232300001100241300001000252490001500262490000700277942000700284999001700291952018100308IT-RoPAU120407s9999 xx 000 0 und d aIT-RoPAU cIT-RoPAU aita aRené Rémond a"Introduzione alla storia contemporanea 1. L’antico regime e la rivoluzione francese 1750 - 1815" aMilano  aRizzoli c1976 a211 p. c18 cm aBur storia v98 cBK c28808d28808 00102ddc406944_23000000000000071aPAULUSbPAULUSd2012-04-11l0o944.23r2012-04-11 00:00:00w2012-04-11yBKzInserito da: In data: n.d. fondo: Via A.Severo 56 Progr:15751